[Event "Principal Vitrolles 2018/2019"]
[Site "Vitrolles"]
[Date "2018.09.29"]
[Round "1"]
[White "Anton, Jose"]
[Black "Mamah, Isabelle"]
[Result "1-0"]
[WhiteElo "1862"]
[BlackElo "1888"]
[PlyCount "137"]

1. e4 c5 2. d4 cxd4 3. c3 g6 4. Nf3 Bg7 5. cxd4 d5 6. e5 Bg4 7. Bb5+ Bd7 8. Bd3
Nh6 9. O-O Nc6 10. Nc3 Bc8 11. Qb3 e6 12. Bg5 Qb6 13. Qxb6 axb6 14. Nb5 O-O 15.
a3 Nf5 16. Rfe1 h6 17. Bf4 Bd7 18. Bxf5 gxf5 19. Nd6 Rfb8 20. Rac1 Bf8 21. Rc2
Bxd6 22. exd6 Kg7 23. Ne5 Nxe5 24. Bxe5+ f6 25. Rc7 Rd8 26. Bf4 Kg6 27. Re3 h5
28. Rg3+ Kh7 29. Rh3 Kg6 30. Rg3+ Kh7 31. Rxb7 Rab8 32. Rc7 b5 33. Rh3 Kg6 34.
Rg3+ Kh7 35. Rb3 Kh8 36. Rh3 Be8 37. Rhc3 b4 38. axb4 Rxb4 39. Bh6 Bd7 40. b3
Rxd4 41. h3 f4 42. Rb7 Kh7 43. Bf8 Rxf8 44. Rxd7+ Kg6 45. Re7 Rb4 46. d7 Rbb8
47. Rxe6 Kf7 48. Rd6 Rbd8 49. Rxd5 Ke6 50. Rcd3 Rg8 51. Kf1 Ke7 52. Rxh5 Rb8
53. Rhd5 Kd8 54. R5d4 Rf8 55. Rxf4 Rb7 56. Rfd4 Rg8 57. g3 Rg5 58. h4 Rgb5 59.
Re4 Rxd7 60. Rxd7+ Kxd7 61. b4 Kd6 62. Ke2 f5 63. Rf4 Ke5 64. h5 Rb8 65. Kd3
Rh8 66. Rh4 Kd5 67. h6 Rh7 68. Rh5 Ke6 69. Kc4 1-0

[Event "Principal Vitrolles 2018/2019"]
[Site "Vitrolles"]
[Date "2018.09.29"]
[Round "1"]
[White "Urcun, Gael"]
[Black "Baroyan, Davit"]
[Result "0-1"]
[WhiteElo "1749"]
[BlackElo "2003"]
[PlyCount "50"]

1. e4 e5 2. Bc4 Nf6 3. d3 c6 4. Nf3 d5 5. Bb3 a5 6. a3 a4 7. Ba2 Bd6 8. Nc3 Be6
9. Ng5 O-O 10. Nxe6 fxe6 11. O-O Nbd7 12. Bg5 Qe8 13. Qd2 Qh5 14. Ne2 h6 15.
Bxf6 Rxf6 16. Ng3 Qg4 17. exd5 exd5 18. Ne4 Rg6 19. f3 Qh4 20. Nxd6 Rxd6 21. f4
Rf8 22. Qb4 Rdf6 23. Qxb7 Rxf4 24. Qxd7 Rxf1+ 25. Rxf1 Qd4+ 0-1

[Event "Principal Vitrolles 2018/2019"]
[Site "Vitrolles"]
[Date "2018.09.29"]
[Round "1"]
[White "Busson, Benoit"]
[Black "Pelopidas, Florian"]
[Result "1-0"]
[WhiteElo "1893"]
[BlackElo "1835"]
[PlyCount "157"]

1. e4 e6 2. Nf3 d5 3. e5 c5 4. b4 d4 5. bxc5 Bxc5 6. Ba3 Qa5 7. Bxc5 Qxc5 8. c3
Nc6 9. Qa4 Bd7 10. cxd4 Nxd4 11. Qxd4 Qc1+ 12. Ke2 Bb5+ 13. Ke3 Bxf1 14. Rxf1
Qxf1 15. Na3 Qa6 16. Nc4 Ne7 17. Nd6+ Kf8 18. Ng5 Qb6 19. Qxb6 axb6 20. Ngxf7
Nf5+ 21. Nxf5 Kxf7 22. Nd6+ Ke7 23. Rb1 Rxa2 24. Rxb6 Rd8 25. Rxb7+ Rd7 26. Rb8
Rxd6 27. exd6+ Kxd6 28. Rb7 Ra3+ 29. Ke2 g5 30. Rxh7 Ke5 31. h4 gxh4 32. Rxh4
Kf5 33. Rh8 Ke5 34. Rf8 Ra4 35. f3 Rb4 36. g4 Rb1 37. f4+ Ke4 38. d3+ Kd4 39.
Rd8+ Kc5 40. Rc8+ Kd6 41. g5 Rg1 42. Ke3 Rg3+ 43. Ke4 Rg1 44. Ra8 Re1+ 45. Kd4
Rf1 46. Ra6+ Ke7 47. Ke3 Re1+ 48. Kf2 Rd1 49. Ke2 Rg1 50. Ra4 Kf7 51. Re4 Ra1
52. Re3 Ra4 53. Kf3 Ra1 54. Ke4 Ra5 55. Rh3 Ra4+ 56. d4 Ra1 57. Ke5 Ra5+ 58.
Ke4 Ra1 59. Rc3 Re1+ 60. Re3 Ra1 61. Kf3 Rd1 62. Re4 Rd3+ 63. Kg4 Rd1 64. Kf3
Rd3+ 65. Ke2 Ra3 66. Re3 Ra2+ 67. Kd3 Ra3+ 68. Ke4 Ra5 69. Rf3 Kg6 70. Rh3 Ra1
71. Rh6+ Kf7 72. Rf6+ Ke7 73. f5 Re1+ 74. Kf4 Rf1+ 75. Kg4 exf5+ 76. Rxf5 Rd1
77. Rf4 Rh1 78. g6 Rh8 79. Kg5 1-0

[Event "Principal Vitrolles 2018/2019"]
[Site "Vitrolles"]
[Date "2018.09.29"]
[Round "1"]
[White "Telouk, Olivier"]
[Black "Girard, Jean-Pierre"]
[Result "1-0"]
[WhiteElo "1865"]
[BlackElo "1765"]
[PlyCount "35"]

1. e4 c5 2. Nf3 Nc6 3. Bb5 d6 4. O-O Nf6 5. Re1 Bd7 6. a4 e6 7. c3 Be7 8. d4
O-O 9. Nbd2 a6 10. Bd3 cxd4 11. cxd4 Re8 12. e5 dxe5 13. dxe5 Nd5 14. Ne4 Ncb4
15. Bb1 b5 16. Nfg5 h6 17. Qh5 hxg5 18. Nxg5 1-0

[Event "Principal Vitrolles 2018/2019"]
[Site "Vitrolles"]
[Date "2018.09.29"]
[Round "1"]
[White "Dijon, Frederic"]
[Black "Muhajiz, Gibran"]
[Result "1-0"]
[WhiteElo "1919"]
[BlackElo "1901"]
[PlyCount "71"]

1. d4 Nf6 2. Nf3 g6 3. Bg5 Bg7 4. Nbd2 d5 5. e3 O-O 6. Be2 c5 7. c3 cxd4 8.
exd4 Ne4 9. Bf4 Nc6 10. O-O f5 11. Bb5 h6 12. Bxc6 bxc6 13. Be5 Nf6 14. b4 g5
15. Nb3 Qe8 16. Re1 Qh5 17. Nc5 f4 18. Bxf6 Rxf6 19. Ne5 f3 20. Re3 g4 21. g3
Qg5 22. Ned3 h5 23. Rxe7 Rh6 24. Qe1 Bf5 25. Qe3 Qf6 26. Qe5 Qf8 27. Rxg7+ Qxg7
28. Qxf5 Rf8 29. Qe5 Qf7 30. Nf4 h4 31. Qg5+ Kh7 32. Qxg4 hxg3 33. hxg3 Qe7 34.
Qxf3 Qe8 35. Kg2 Qc8 36. Rh1 1-0

[Event "Principal Vitrolles 2018/2019"]
[Site "Vitrolles"]
[Date "2018.10.13"]
[Round "2"]
[White "Mamah, Isabelle"]
[Black "Muhajiz, Gibran"]
[Result "1/2-1/2"]
[WhiteElo "1888"]
[BlackElo "1901"]
[PlyCount "110"]

1. e4 c5 2. Nf3 Nc6 3. c3 Nf6 4. e5 Nd5 5. Bc4 Nb6 6. Bb3 c4 7. Bc2 g6 8. O-O
Bg7 9. Qe2 O-O 10. Na3 d5 11. exd6 exd6 12. Nxc4 Re8 13. Ne3 f5 14. Bb3+ Kh8
15. Qd1 d5 16. d4 f4 17. Nc2 Qf6 18. Nce1 g5 19. Nd3 Bg4 20. a4 Nc4 21. Bxc4
dxc4 22. Nde1 Re4 23. a5 Rae8 24. Qa4 Qe7 25. Bd2 Bxf3 26. Nxf3 g4 27. Ne1 f3
28. Qxc4 Ne5 29. Qd5 fxg2 30. Kxg2 Ng6 31. Be3 Qh4 32. Kg1 Qh3 33. Ng2 Qf3 34.
Qd6 Qf7 35. Bg5 h6 36. Bd2 R8e6 37. Qd8+ Re8 38. Qd6 R8e6 39. Qg3 Ne7 40. Rae1
Nf5 41. Qd3 Nd6 42. Qg3 Rf6 43. Rxe4 Nxe4 44. Qb8+ Kh7 45. Be3 Rf3 46. Bf4 Qb3
47. Qe8 Qc2 48. Be3 Nd6 49. Qd7 Nf5 50. Ne1 Qe4 51. Ng2 Nxe3 52. Nxe3 Rxe3 53.
fxe3 Qxe3+ 54. Rf2 Qe1+ 55. Kg2 Qe4+ 1/2-1/2

[Event "Principal Vitrolles 2018/2019"]
[Site "Vitrolles"]
[Date "2018.10.13"]
[Round "2"]
[White "Girard, Jean-Pierre"]
[Black "Dijon, Frederic"]
[Result "1-0"]
[WhiteElo "1765"]
[BlackElo "1919"]
[PlyCount "73"]

1. e4 e6 2. d4 d5 3. Nd2 Be7 4. e5 c5 5. c3 Nc6 6. Ndf3 Qb6 7. Ne2 Bd7 8. g3 f6
9. exf6 gxf6 10. Bg2 O-O-O 11. O-O Bd6 12. a4 Nge7 13. dxc5 Bxc5 14. b4 Bd6 15.
Be3 Qc7 16. a5 Nf5 17. Bd2 Ne5 18. Nxe5 Bxe5 19. Nd4 Nd6 20. Nf3 Nc4 21. Nd4 h5
22. b5 Qd6 23. Nf3 h4 24. Nxe5 fxe5 25. b6 a6 26. Qe2 hxg3 27. fxg3 Bb5 28. Rf7
Rd7 29. Rxd7 Qxd7 30. Qf2 Qh7 31. h4 Qg7 32. Bg5 Rf8 33. Qc5+ Bc6 34. Bh3 Kd7
35. Rd1 Nd6 36. Rxd5 Bxd5 37. Qc7+ 1-0

[Event "Principal Vitrolles 2018/2019"]
[Site "Vitrolles"]
[Date "2018.10.13"]
[Round "2"]
[White "Pelopidas, Florian"]
[Black "Telouk, Olivier"]
[Result "1/2-1/2"]
[WhiteElo "1835"]
[BlackElo "1865"]
[PlyCount "90"]

1. d4 Nf6 2. c4 e6 3. Nf3 b6 4. g3 Bb7 5. Bg2 Bb4+ 6. Bd2 Be7 7. Nc3 O-O 8. O-O
c5 9. d5 exd5 10. Nh4 d6 11. cxd5 Nbd7 12. Nf5 Re8 13. Bf4 Qb8 14. Nb5 Ne5 15.
Bxe5 dxe5 16. d6 Bd8 17. Qd3 Bxg2 18. Kxg2 Qb7+ 19. Kg1 e4 20. Qe3 Nd5 21. Qb3
Re5 22. Ne3 Nxe3 23. fxe3 Qd7 24. Na3 Bf6 25. Rad1 Rd8 26. Nc4 Re6 27. a4 g6
28. Rf4 Bg5 29. Rff1 Kg7 30. Rd5 Bf6 31. Rfd1 h5 32. Qb5 Qxb5 33. axb5 Rd7 34.
Kf2 Kf8 35. h4 Bg7 36. Kg2 f5 37. Kf2 Kf7 38. Kg2 Re8 39. Kf2 Re6 40. Kg2 Ke8
41. Kf2 Kd8 42. Ra1 Kc8 43. Kg2 Kb7 44. Kf2 Re8 45. Ra6 Re6 1/2-1/2

[Event "Principal Vitrolles 2018/2019"]
[Site "Vitrolles"]
[Date "2018.10.13"]
[Round "2"]
[White "Baroyan, Davit"]
[Black "Busson, Benoit"]
[Result "1-0"]
[WhiteElo "1959"]
[BlackElo "1897"]
[PlyCount "107"]

1. d4 d5 2. Nf3 Nc6 3. Bf4 Bg4 4. e3 e6 5. Be2 Bd6 6. O-O Bxf4 7. exf4 Bxf3 8.
Bxf3 Qf6 9. c4 Nge7 10. cxd5 exd5 11. Nc3 O-O-O 12. Ne2 Nf5 13. Bg4 Kb8 14.
Bxf5 Qxf5 15. Qd2 h5 16. b4 h4 17. b5 Ne7 18. a4 Rh6 19. Ra3 Nc8 20. Re3 Re6
21. Re5 Rxe5 22. fxe5 Nb6 23. Nc3 h3 24. Rd1 hxg2 25. Qd3 Qh5 26. Rc1 Rh8 27.
Qg3 Rh6 28. a5 Nc4 29. Nxd5 Nd2 30. Nf4 Qh4 31. Nxg2 Nf3+ 32. Qxf3 Qxh2+ 33.
Kf1 Qh1+ 34. Ke2 Qxc1 35. Qxf7 Qc2+ 36. Kf3 Qd1+ 37. Kg3 Qd3+ 38. Ne3 Qg6+ 39.
Qxg6 Rxg6+ 40. Kf4 a6 41. Kf5 Rg1 42. bxa6 bxa6 43. Ke6 Kc8 44. Kf7 Rb1 45. e6
Rb8 46. Nc4 g5 47. e7 Kd7 48. Ne5+ Kd6 49. e8=Q Rxe8 50. Kxe8 Kd5 51. Kd7 Kxd4
52. Nf3+ Ke4 53. Nxg5+ Kf5 54. Ne6 1-0

[Event "Principal Vitrolles 2018/2019"]
[Site "Vitrolles"]
[Date "2018.10.13"]
[Round "2"]
[White "Anton, Jose"]
[Black "Urcun, Gael"]
[Result "1-0"]
[WhiteElo "1865"]
[BlackElo "1749"]
[PlyCount "57"]

1. e4 c6 2. d4 d5 3. f3 e6 4. Bd3 dxe4 5. fxe4 Qxd4 6. Nf3 Qb6 7. Nc3 Bb4 8.
Bd2 Nf6 9. a3 Bxc3 10. Bxc3 Qe3+ 11. Qe2 Qxe2+ 12. Kxe2 Nbd7 13. b4 b6 14. g4
Bb7 15. g5 Nh5 16. Ke3 O-O 17. Rad1 Rad8 18. Rd2 b5 19. Rhd1 Nb6 20. Bd4 f5 21.
Bxb6 axb6 22. exf5 exf5 23. Bc4+ bxc4 24. Rxd8 f4+ 25. Kf2 g6 26. Rxf8+ Kxf8
27. Rd8+ Ke7 28. Rb8 Ba6 29. Ra8 1-0

[Event "Principal 2018/2019"]
[Site "Vitrolles"]
[Date "2018.11.24"]
[Round "3"]
[White "Telouk, Olivier"]
[Black "Baroyan, Davit"]
[Result "0-1"]
[WhiteElo "1865"]
[BlackElo "2003"]
[PlyCount "92"]

1. e4 c5 2. Nf3 Nc6 3. c4 e6 4. Nc3 a6 5. Be2 Nf6 6. O-O Be7 7. d4 cxd4 8. Nxd4
Qc7 9. Be3 O-O 10. Rc1 d6 11. f3 Nxd4 12. Bxd4 Nd7 13. b4 b6 14. Qb3 Bb7 15.
Rfd1 Rac8 16. Be3 Kh8 17. Na4 Bc6 18. Nc3 Qb8 19. Bf4 f5 20. exf5 Rxf5 21. Bg3
Ne5 22. f4 Ng6 23. Bg4 Rf6 24. Ne2 Qb7 25. Bh3 Rcf8 26. Rf1 h5 27. Qe3 h4 28.
Be1 e5 29. f5 Bd7 30. g4 hxg3 31. Qxg3 Bxf5 32. Bxf5 Rxf5 33. Rxf5 Rxf5 34.
Qh3+ Nh4 35. Bxh4 Rh5 36. Rf1 Rxh4 37. Qf5 Qe4 38. Ng3 Qd4+ 39. Kh1 Qxc4 40.
Qg6 Qxa2 41. Qxg7+ Kxg7 42. Nf5+ Kh7 43. Nxh4 Bxh4 44. b5 axb5 45. h3 Bg3 46.
Rf7+ Qxf7 0-1

[Event "Principal 2018/2019"]
[Site "Vitrolles"]
[Date "2018.11.24"]
[Round "3"]
[White "Busson, Benoist"]
[Black "Anton, Jose"]
[Result "1-0"]
[WhiteElo "1893"]
[BlackElo "1862"]
[PlyCount "99"]

1. e4 c5 2. Nc3 a6 3. g3 b5 4. Bg2 Bb7 5. Nh3 e6 6. O-O b4 7. Ne2 d5 8. exd5
Bxd5 9. Bxd5 Qxd5 10. Nef4 Qd7 11. Ng5 Nc6 12. Re1 e5 13. Nf3 f6 14. c3 Nge7
15. Ng2 g6 16. a3 bxc3 17. dxc3 Qxd1 18. Rxd1 Rd8 19. Rxd8+ Kxd8 20. Be3 Nf5
21. Rd1+ Kc7 22. Bc1 Be7 23. g4 Nd6 24. Ne3 Rb8 25. Nd5+ Kd7 26. Nxe7 Kxe7 27.
g5 f5 28. Rd5 e4 29. Ne5 Nxe5 30. Rxe5+ Kd7 31. Rxc5 Nb5 32. a4 Nc7 33. Rxc7+
Kxc7 34. Bf4+ Kc8 35. Bxb8 Kxb8 36. f3 exf3 37. Kf2 Kc7 38. Kxf3 Kd6 39. b4 Kd5
40. b5 Kc5 41. c4 axb5 42. axb5 Kb6 43. Kf4 Kc5 44. Ke5 Kb6 45. Kd5 Kc7 46. c5
Kb7 47. b6 Kc8 48. Kc6 f4 49. b7+ Kb8 50. Kb6 1-0

[Event "Principal 2018/2019"]
[Site "Vitrolles"]
[Date "2018.11.24"]
[Round "3"]
[White "Dijon, Frederic"]
[Black "Pelopidas, Florian"]
[Result "1-0"]
[WhiteElo "1892"]
[BlackElo "1733"]
[PlyCount "99"]

1. d4 d5 2. Bf4 Nf6 3. e3 Bf5 4. c4 e6 5. Nc3 Bb4 6. Qb3 Bxc3+ 7. bxc3 b6 8.
Qa3 Nbd7 9. Nf3 Qe7 10. Qxe7+ Kxe7 11. Bxc7 dxc4 12. h3 Nd5 13. Bh2 Nxc3 14.
Bxc4 b5 15. Rc1 bxc4 16. Rxc3 Nb6 17. Ne5 Rhc8 18. g4 Be4 19. f3 Bb7 20. g5 f6
21. gxf6+ gxf6 22. Rg1 Kf8 23. Ng4 Nd5 24. Bd6+ Ke8 25. Rc1 h5 26. Nh6 Kd7 27.
Ba3 Ba6 28. Kf2 Kc6 29. Rg6 Kb5 30. Nf7 Ka4 31. Bc5 Nb4 32. Bxb4 Kxb4 33. Rxf6
c3 34. d5 c2 35. Rxe6 Bd3 36. Ne5 Kc3 37. d6 Kd2 38. Nxd3 Kxd3 39. d7 Rc7 40.
Rd6+ Kc3 41. d8=Q Rxd8 42. Rxd8 Kb2 43. Rxc2+ Rxc2+ 44. Kg3 Kxa2 45. Ra8 Rc7
46. e4 Kb3 47. Kf4 Kb4 48. e5 a5 49. e6 a4 50. Ke5 1-0

[Event "Principal 2018/2019"]
[Site "Vitrolles"]
[Date "2018.11.24"]
[Round "3"]
[White "Muhajiz, Gibran"]
[Black "Girard, Jean-Pierre"]
[Result "1-0"]
[WhiteElo "1901"]
[BlackElo "1765"]
[PlyCount "101"]

1. d4 Nf6 2. c4 e6 3. Nc3 Bb4 4. Qc2 c5 5. dxc5 Na6 6. Bd2 Bxc5 7. a3 b6 8. Nf3
Bb7 9. e3 O-O 10. Be2 Nc7 11. O-O d5 12. Rad1 Qe8 13. Na4 Be7 14. Nd4 Rc8 15.
Qb3 dxc4 16. Bxc4 e5 17. Nf5 Bd8 18. Nd6 Qc6 19. Bxf7+ Kh8 20. f3 a5 21. Nxc8
Bxc8 22. Nxb6 Ba6 23. Bc4 Nb5 24. Nd5 Nd4 25. exd4 Bxc4 26. Qc2 Qxd5 27. dxe5
Bb6+ 28. Kh1 Bxf1 29. exf6 Bxg2+ 30. Kxg2 gxf6 31. Bf4 Qe6 32. Bg3 Re8 33. Re1
Qc8 34. Rxe8+ Qxe8 35. a4 Qd7 36. Qc3 Kg7 37. b3 Qe6 38. Qd3 Bc5 39. Qb5 Qf5
40. Qb7+ Kg6 41. Qe4 Qxe4 42. fxe4 f5 43. Kf3 fxe4+ 44. Kxe4 Kf6 45. Be5+ Ke6
46. Bc3 Bb6 47. Kf4 Bc7+ 48. Kg5 Bxh2 49. Bxa5 Kd6 50. Bc3 Kc6 51. Kh6 1-0

[Event "Principal 2018/2019"]
[Site "Vitrolles"]
[Date "2018.11.24"]
[Round "3"]
[White "Urcun, Gael"]
[Black "Mamah, Isabelle"]
[Result "1-0"]
[WhiteElo "1749"]
[BlackElo "1888"]
[PlyCount "147"]

1. e4 c5 2. Nc3 g6 3. g3 Bg7 4. Bg2 d6 5. d3 Nf6 6. h3 Nc6 7. Be3 Qb6 8. Rb1
Nd4 9. Nge2 Bd7 10. f4 e5 11. O-O O-O 12. fxe5 dxe5 13. Qd2 Qd6 14. Bg5 Bc6 15.
Rf2 Rac8 16. Rbf1 Nd7 17. Nd5 Bxd5 18. exd5 f5 19. c4 Nf6 20. Nxd4 cxd4 21. Qe2
Rce8 22. Bxf6 Bxf6 23. g4 Bh4 24. Rf3 f4 25. Qe4 a5 26. Rc1 Rc8 27. Rff1 Bg5
28. Bf3 b6 29. Rfe1 Rfe8 30. Re2 Re7 31. Rec2 Rec7 32. a3 Bf6 33. Qe1 Qe7 34.
Re2 Re8 35. Rcc2 Bh4 36. Qc1 Bg3 37. Re4 Qh4 38. Qf1 Qe7 39. Rce2 Qd6 40. Kg2
Rce7 41. Qh1 Bh4 42. Qb1 Bf6 43. Qe1 Rb8 44. g5 Bxg5 45. Rxe5 Bh4 46. Re6 Rxe6
47. Rxe6 Qd8 48. Qe5 Qg5+ 49. Qxg5 Bxg5 50. Bg4 Kg7 51. Re4 h5 52. Bd7 Rb7 53.
Bb5 Re7 54. Kf3 Kf6 55. Rxe7 Kxe7 56. Ke4 Kd6 57. b4 axb4 58. axb4 Bh6 59. Be8
g5 60. Bxh5 Bf8 61. Kxd4 Bg7+ 62. Ke4 Bf6 63. d4 Kc7 64. c5 bxc5 65. dxc5 Bc3
66. d6+ Kc6 67. Be8+ Kb7 68. c6+ Kc8 69. b5 Ba5 70. Bh5 Kd8 71. Bg4 Bb6 72. c7+
Bxc7 73. dxc7+ Kxc7 74. Kf5 1-0

[Event "Principal 2018/2019"]
[Site "Vitrolles"]
[Date "2018.12.08"]
[Round "4"]
[White "Baroyan, Davit"]
[Black "Dijon, Frederic"]
[Result "1-0"]
[WhiteElo "1993"]
[BlackElo "1923"]
[PlyCount "63"]

1. d4 e6 2. e4 d5 3. exd5 exd5 4. Nf3 Bd6 5. c4 Nf6 6. Nc3 O-O 7. c5 Be7 8. Bf4
b6 9. b4 a5 10. a3 axb4 11. axb4 Rxa1 12. Qxa1 bxc5 13. bxc5 Re8 14. Be2 Bxc5
15. dxc5 d4 16. Nxd4 Qxd4 17. Be3 Qe5 18. O-O Ng4 19. Bxg4 Bxg4 20. Nb5 Qe7 21.
Qa5 Rc8 22. Na7 Re8 23. Bf4 Nd7 24. h3 Be2 25. Re1 Ne5 26. Bxe5 Qxe5 27. Nc6
Qb2 28. Qxc7 h6 29. Ne7+ Kh8 30. Qd7 Ra8 31. Qd5 Ra2 32. Qxf7 1-0

[Event "Principal 2018/2019"]
[Site "Vitrolles"]
[Date "2018.12.08"]
[Round "4"]
[White "Anton, Jose"]
[Black "Telouk, Olivier"]
[Result "0-1"]
[WhiteElo "1862"]
[BlackElo "1871"]
[PlyCount "64"]

1. e4 c5 2. c3 d6 3. d4 Nf6 4. Bd3 Nc6 5. Ne2 a6 6. O-O e6 7. f4 Qb6 8. Kh1 Be7
9. e5 Nd5 10. a3 cxd4 11. cxd4 Bd7 12. Nbc3 Nxc3 13. bxc3 d5 14. Be3 Na5 15. f5
Qc6 16. fxe6 Bxe6 17. Nf4 Nc4 18. Qf3 Nxe3 19. Qxe3 g6 20. Nxe6 Qxe6 21. Rab1
Rb8 22. Qf3 O-O 23. a4 Bg5 24. Rb2 Rfc8 25. Rb3 Rc7 26. Rfb1 Rbc8 27. Be2 Bd2
28. h3 Rxc3 29. Rxc3 Rxc3 30. Qf2 Be3 31. Qe1 Bxd4 32. Rxb7 Rxh3+ 0-1

[Event "Principal 2018/2019"]
[Site "Vitrolles"]
[Date "2018.12.08"]
[Round "4"]
[White "Urcun, Gael"]
[Black "Busson, Benoit"]
[Result "1-0"]
[WhiteElo "1749"]
[BlackElo "1876"]
[PlyCount "97"]

1. e4 e5 2. Bc4 Nf6 3. d3 Nc6 4. Nc3 Na5 5. Bb3 Nxb3 6. axb3 Be7 7. f4 d6 8.
Nf3 exf4 9. Bxf4 O-O 10. O-O Bg4 11. Qd2 Nh5 12. Be3 a6 13. Nd5 f5 14. Nxe7+
Qxe7 15. exf5 Rxf5 16. Bg5 Nf6 17. Rae1 Qf7 18. Nd4 Rxf1+ 19. Rxf1 c5 20. Bxf6
gxf6 21. Qf4 Qd7 22. Nf3 Bxf3 23. Rxf3 Rf8 24. Qh6 Qe7 25. Re3 Qf7 26. Qf4 Qd7
27. Qg3+ Kh8 28. Qe1 Qg7 29. Re7 Rf7 30. Re8+ Rf8 31. Qe7 Rxe8 32. Qxe8+ Qg8
33. Qe7 Qb8 34. Qxf6+ Kg8 35. h4 b5 36. h5 Qe8 37. h6 Qe5 38. Qxe5 dxe5 39. Kf2
Kf7 40. Ke3 Kf6 41. Ke4 Ke6 42. c4 b4 43. g3 a5 44. g4 Kf6 45. Kd5 Kg5 46. Kxe5
Kxg4 47. d4 cxd4 48. Kxd4 Kf5 49. Kd5 1-0

[Event "Principal 2018/2019"]
[Site "Vitrolles"]
[Date "2018.12.08"]
[Round "4"]
[White "Mamah, Isabelle"]
[Black "Girard, Jean-Pierre"]
[Result "0-1"]
[WhiteElo "1888"]
[BlackElo "1743"]
[PlyCount "140"]

1. e4 c5 2. Nf3 Nc6 3. c3 Nf6 4. e5 Nd5 5. Bc4 Nb6 6. Bb5 e6 7. O-O Be7 8. d4
cxd4 9. cxd4 O-O 10. Nc3 d6 11. Qe2 Nb4 12. a3 N4d5 13. Ne4 a6 14. Bd3 dxe5 15.
dxe5 f5 16. exf6 Nxf6 17. Nxf6+ Bxf6 18. Rd1 Qe7 19. Qe4 g6 20. Bh6 Rd8 21. Ne5
Nd5 22. Rac1 Bd7 23. Bb1 Rac8 24. Rxc8 Rxc8 25. h3 Bc6 26. Nxc6 Rxc6 27. Ba2
Rd6 28. Re1 Qf7 29. Qc2 Rd8 30. b4 g5 31. h4 gxh4 32. Re4 Kh8 33. Rg4 Qh5 34.
Qe4 Qxh6 35. Qxe6 Ne7 36. Kh2 Rf8 37. Bc4 Ng6 38. Kg1 Bg7 39. Qd5 Qc1+ 40. Bf1
Qxa3 41. Qxb7 Qb2 42. Qa7 Qa1 43. Qe3 a5 44. bxa5 Qxa5 45. Rc4 Qe5 46. Re4 Qb2
47. Bd3 Ne5 48. Be2 Qa1+ 49. Bf1 Ng6 50. Rc4 Qb2 51. Be2 Qb1+ 52. Bf1 Qa1 53.
Re4 Qb2 54. Be2 Qc3 55. Qxc3 Bxc3 56. Bh5 Nf4 57. Bd1 Ba5 58. Kf1 h3 59. gxh3
Nxh3 60. f3 Bd8 61. Kg2 Nf4+ 62. Kg3 Bc7 63. Kf2 h5 64. Bc2 h4 65. Re7 Bb6+ 66.
Kf1 h3 67. Rb7 Rc8 68. Rxb6 Rxc2 69. Rh6+ Kg7 70. Rh4 h2 0-1

[Event "Principal 2018/2019"]
[Site "Vitrolles"]
[Date "2019.01.12"]
[Round "5"]
[White "Muhajiz, Gibran"]
[Black "Baroyan, Davit"]
[Result "1/2-1/2"]
[WhiteElo "1881"]
[BlackElo "2117"]
[PlyCount "92"]

1. e4 c5 2. Nf3 Nc6 3. Bb5 g6 4. O-O Bg7 5. c3 e5 6. Bxc6 dxc6 7. d3 Qe7 8. Re1
Nf6 9. d4 cxd4 10. cxd4 Bg4 11. d5 Rd8 12. Nc3 O-O 13. h3 Bxf3 14. Qxf3 cxd5
15. Bg5 d4 16. Nd5 Rxd5 17. exd5 Qd6 18. Bxf6 Bxf6 19. Qb3 Qd7 20. Rac1 Rd8 21.
Rc5 b6 22. Rb5 Rc8 23. a4 Bd8 24. d6 Qxd6 25. Rbxe5 Bc7 26. Re8+ Rxe8 27. Rxe8+
Kg7 28. Qd3 Qh2+ 29. Kf1 Be5 {(=)} 30. Re7 Bf6 31. Rxa7 Qh1+ 32. Ke2 Qxg2 33.
b3 Qd5 34. Ra6 Qc5 35. Kd1 Bh4 36. f3 Bg5 37. Qc4 Qe5 38. Ra7 Qf6 39. Qd5 Qf4
40. Ke2 Qd2+ 41. Kf1 Qd1+ 42. Kg2 Qe2+ 43. Kg3 Qe1+ 44. Kg2 Qe2+ 45. Kg3 Qe1+
46. Kg2 Qe2+ 1/2-1/2

[Event "Principal 2018/2019"]
[Site "Vitrolles"]
[Date "2019.01.12"]
[Round "5"]
[White "Telouk, Olivier"]
[Black "Urcun, Gael"]
[Result "1-0"]
[WhiteElo "1873"]
[BlackElo "1777"]
[PlyCount "79"]

1. e4 c6 2. d4 d5 3. Nd2 dxe4 4. Nxe4 Bf5 5. Ng3 Bg6 6. h4 h6 7. Nf3 Nd7 8. h5
Bh7 9. Bd3 Bxd3 10. Qxd3 Ngf6 11. Bd2 e6 12. O-O-O Be7 13. Ne4 Nxe4 14. Qxe4
Nf6 15. Qe2 O-O 16. g4 Qd5 17. c4 Qe4 18. Qxe4 Nxe4 19. Be3 b5 20. c5 Rfd8 21.
Ne5 Rac8 22. Kc2 Bf6 23. f3 Ng5 24. f4 Ne4 25. Nf3 Rd5 26. Rhg1 g5 27. hxg6
fxg6 28. g5 hxg5 29. fxg5 Bg7 30. Nh4 Rcd8 31. Nxg6 R8d7 32. Nf4 Rxg5 33. Nxe6
Rh5 34. Bf4 Kh7 35. Be5 Bxe5 36. Nf8+ Kh8 37. Nxd7 Rh2+ 38. Kb1 Nd2+ 39. Rxd2
Rxd2 40. Nxe5 1-0

[Event "Principal 2018/2019"]
[Site "Vitrolles"]
[Date "2019.01.12"]
[Round "5"]
[White "Dijon, Frederic"]
[Black "Anton, Jose"]
[Result "1/2-1/2"]
[WhiteElo "1892"]
[BlackElo "1857"]
[PlyCount "29"]

1. e4 c5 2. Nf3 Nc6 3. d4 cxd4 4. Nxd4 e5 5. Nf5 d5 6. Qxd5 Qxd5 7. exd5 Bxf5
8. dxc6 bxc6 9. Bd3 Bxd3 10. cxd3 O-O-O 11. Ke2 Bc5 12. Be3 Bb6 13. Nd2 Kb7 14.
Rac1 Ne7 15. Nc4 1/2-1/2

[Event "Principal 2018/2019"]
[Site "Vitrolles"]
[Date "2019.01.12"]
[Round "5"]
[White "Girard, Jean-Pierre"]
[Black "Pelopidas, Florian"]
[Result "0-1"]
[WhiteElo "1750"]
[BlackElo "1753"]
[PlyCount "64"]

1. e4 e6 2. d4 d5 3. Nd2 Nf6 4. e5 Nfd7 5. Bd3 c5 6. c3 Nc6 7. Ne2 cxd4 8. cxd4
f6 9. exf6 Nxf6 10. O-O Bd6 11. Nf3 Qc7 12. Bg5 O-O 13. Rc1 Nh5 14. Ng3 Nf4 15.
Bb1 Bd7 16. Re1 Qb6 17. Qc2 g6 18. Rcd1 Rac8 19. Qd2 Nh3+ 20. gxh3 Rxf3 21. Bh6
Bb4 22. Qg5 Qd8 23. Qg4 Qf6 24. Rf1 Qf7 25. Kg2 e5 26. Qg5 Be7 27. Qd2 Nxd4 28.
Rc1 Rxc1 29. Rxc1 Qe6 30. Re1 Qxh3+ 31. Kg1 Rf7 32. Rxe5 Nf3+ 0-1

[Event "Principal 2018/2019"]
[Site "Vitrolles"]
[Date "2019.01.19"]
[Round "6"]
[White "Baroyan, Davit"]
[Black "Girard, Jean-Pierre"]
[Result "1-0"]
[WhiteElo "2117"]
[BlackElo "1750"]
[PlyCount "49"]

1. e4 c5 2. Nc3 Nc6 3. Bb5 Nd4 4. Nf3 Nxb5 5. Nxb5 a6 6. Nc3 d6 7. d4 cxd4 8.
Qxd4 e5 9. Qd3 Nf6 10. Bg5 Be6 11. Bxf6 gxf6 12. Nd5 Qa5+ 13. b4 Qd8 14. O-O
Rg8 15. a4 Bxd5 16. Qxd5 Qd7 17. Nh4 Rc8 18. Nf5 Qc6 19. Qxc6+ Rxc6 20. b5 Rxc2
21. Rac1 Rxc1 22. Rxc1 axb5 23. axb5 Rg4 24. f3 Rg5 25. Rc8+ 1-0

[Event "Principal 2018/2019"]
[Site "Vitrolles"]
[Date "2019.01.19"]
[Round "6"]
[White "Anton, Jose"]
[Black "Muhajiz, Gibran"]
[Result "1-0"]
[WhiteElo "1873"]
[BlackElo "1881"]
[PlyCount "47"]

1. e4 c5 2. d4 cxd4 3. c3 dxc3 4. Nxc3 Nc6 5. Nf3 e6 6. Bc4 Bb4 7. O-O h6 8.
Nb5 a6 9. Nd6+ Bxd6 10. Qxd6 Nf6 11. Qg3 Nxe4 12. Qxg7 Qf6 13. Qxf6 Nxf6 14.
Bd2 d5 15. Bb3 Ne4 16. Bf4 Bd7 17. Rfe1 f6 18. Rad1 Ne7 19. h3 Kf7 20. Nh2 Rag8
21. Rxe4 dxe4 22. Rxd7 Rd8 23. Rxb7 h5 24. Nf1 1-0

[Event "Principal 2018/2019"]
[Site "Vitrolles"]
[Date "2019.01.19"]
[Round "6"]
[White "Urcun, Gael"]
[Black "Dijon, Frederic"]
[Result "1-0"]
[WhiteElo "1777"]
[BlackElo "1899"]
[PlyCount "97"]

1. e4 e6 2. d3 d5 3. Nd2 Nc6 4. Ngf3 Nf6 5. g3 dxe4 6. dxe4 e5 7. Bg2 Bc5 8.
O-O O-O 9. Nb3 Nxe4 10. Qe2 Bxf2+ 11. Rxf2 Nxf2 12. Qxf2 Qe7 13. Bd2 f6 14. Nh4
Nd8 15. a3 Re8 16. Bb4 Qf7 17. Rd1 c6 18. Nf5 Bxf5 19. Qxf5 Ne6 20. Bh3 g6 21.
Qd3 f5 22. Qc3 Ng5 23. Bf1 Ne4 24. Bc4 Nxc3 25. Bxf7+ Kxf7 26. Rd7+ Kf6 27.
Bxc3 b6 28. Rxh7 Rh8 29. Rxh8 Rxh8 30. Nd4 Rc8 31. Nf3 Re8 32. h4 Re6 33. Kf2
Re8 34. Ke3 Re6 35. Nxe5 g5 36. hxg5+ Kxg5 37. Kf3 c5 38. Bd2+ Kf6 39. Kf4 Rd6
40. Bc3 Ke6 41. Nc4 Rd7 42. Ne5 Rd5 43. Nf3 b5 44. Be5 b4 45. axb4 cxb4 46.
Nd4+ Kf7 47. Kxf5 a5 48. b3 Rc5 49. g4 1-0